• 首页
  • 本馆介绍
  • 公告通知
  • 最新文献
  • 馆藏检索
  • 电子资源
  • 读者导购
  • 参考咨询
  • 我的图书馆
  • 登录
  • 详细信息显示
  • 放入我的书架
  • 预约/预借图书
  • 作者相关作品
  • 分类相关作品
  • 丛书相关作品
  • 出版社相关作品

书目信息

  • 表格格式
  • 工作单格式
  • 卡片格式
题名:
BASIC语言在化学中的应用
    
 
作者: 田安民 编著
分册:  
出版信息: 重庆   四川教育出版社  1988
页数: 544页
开本: 26cm
丛书名: 计算机应用丛书
单 册:
中图分类: O6-39
科图分类:
主题词: 化学实验
电子资源:
ISBN: 7-5408-0026-7
000 00634nam0 2200217 45
001 0407011011
005 20040701101425.3
010    @a7-5408-0026-7@dCNY8.56
100    @a20040701d1988 km y0chiy0120 ea
101 0  @achi
105    @a z 000yy
200 1  @aBASIC语言在化学中的应用@ABASIC Yu Yan Zai Hua Xue Zhong De Ying Yong@f田安民编著@FTian An Min Bian Zhu
210    @a重庆@c四川教育出版社@d1988
215    @a544页@d26cm
225    @a计算机应用丛书
410    @12001 @a计算机应用丛书
606 0  @a化学实验
690    @aO6-39@v3
701  0 @a田安民@4编著
801    @aCN@bPftUser@c20040701
905    @f1@b236467@dO6-39@e224
    
    BASIC语言在化学中的应用/田安民编著.-重庆:四川教育出版社,1988
    544页;26cm.-(计算机应用丛书)
    
    
    ISBN 7-5408-0026-7:CNY8.56
    
●
相关链接 在E读中查询图书 在五车中查询图书 在当当中查询图书 在豆瓣中查询图书


正题名:BASIC语言在化学中的应用     索取号:O6-39/224         预约/预借

序号 登录号 条形码 馆藏地/架位号 状态 备注
1 0236467   001944908   第三借阅区/ [索取号:O6-39/224] 在馆    
2 0236468   000341598   第二样本阅览室/ [索取号:O6-39/224] 在馆    
唐山师范学院图书馆 欢迎您!
大连网信软件有限公司© 版权所有